01635nam a2200241Ia 4500003000400000005001700004008004100021040002100062041001300083082002400096100003900120245023100159260005100390300002900441500009500470505055200565546002801117650004101145700006201186942001201248999001501260952011801275OSt20210521014552.0210310s1962 ag gr 001 0 s d aCO-JMCRcCO-JMCR1 aspaheng04a335.82 /bL642a2231 aLester, Richard A., 915642eautor10aAnálisis de la revolución del sindicalismo norteamericano : bmaduración de las organizaciones sindicales : trascendencia política y asistencial / cRichard A. Lester ; traducción, Maria Eugenia Itzigsohn de Fischman aBuenos Aires : bBibliográfica Omeba, c1962 a155 páginas ; c23 cm. aIncluye índice analítico y notas a pie de página. Título original: As union mature0 aEsencia del sindicalismo -- Características variables del sindicalismo norteamericano -- Influencia de la actitud de los empleadores y de otros factores externos -- Fuerzas dinámicas del sindicalismo norteamericano -- Influencias corruptoras dentro del sindicalismo norteamericano -- Experiencia en Inglaterra y en Suecia -- Experiencia en distintos sindicatos -- Teoría de la evolución sindical -- Evolución de las relaciones síndico-patronales -- Implicaciones para un análisis económico -- Implicaciones en la política estatal aTraducido del inglés.14aSindicalismo915644zNorteamérica 1 aItzigsohn de Fischman, Maria Eugenia, etraductora937749 2ddccBK c7856d7856 00102ddc40708NFICaCPLbCPLd2018-04-15eDonacióno335.82 / L642ap430003786r2024-05-16 00:00:00tEj.1yBK